| 000 -LEADER |
| fixed length control field |
01784nam a22001697a 4500 |
| 008 - FIXED-LENGTH DATA ELEMENTS--GENERAL INFORMATION |
| fixed length control field |
220927b ||||| |||| 00| 0 eng d |
| 100 ## - MAIN ENTRY--PERSONAL NAME |
| Personal name |
Keskar, Y. M. Choudhury, B. and Ranjan Mandal, N. |
| 245 ## - TITLE STATEMENT |
| Title |
Assessing the quality of low income group houses in India: Identification of indicators |
| 260 ## - PUBLICATION, DISTRIBUTION, ETC. (IMPRINT) |
| Place of publication, distribution, etc |
Nagarlok |
| 300 ## - PHYSICAL DESCRIPTION |
| Extent |
54(2), Jun, 2022: p.42-64 |
| 520 ## - SUMMARY, ETC. |
| Summary, etc |
A house is essentially an expression of people’s way of life and culture. It is a symbol of pride, an identity of one’s social affiliation to different groups and communities. It is expected that a good - quality housing shall be responsive to a wide variety of human needs. Hence, the need of a house ought to be seen through the prism of both quantitative as well as qualitative attributes by the policymakers and providers of houses. Although literature on housing in India, nay of different countries is replete with different aspects of affordable housing, such as affordability of house, area, volume, amenities, location, household income, policy aspects of housing, etc. there has been no study so far to assess the Quality Standards for LIG Housing Projects in India or elsewhere. This study therefore seeks to identify the set of Housing Quality Indicators (HQIs) for quality assessment of LIG housing in India. It is expected that such an identification of HQIs would help assess housing quality either through a participatory process (comparing end users’ expectation and perception about the quality of housing) or by any independent organisation. – Reproduced |
| 650 ## - SUBJECT ADDED ENTRY--TOPICAL TERM |
| Topical term or geographic name as entry element |
Housing quality, Housing quality indicators, Servqual. |
| 9 (RLIN) |
33426 |
| 773 ## - HOST ITEM ENTRY |
| Main entry heading |
Nagarlok |
| 856 ## - ELECTRONIC LOCATION AND ACCESS |
| Uniform Resource Identifier |
https://www.iipa.org.in/cms/public/uploads/401601658912651.pdf |
| 906 ## - LOCAL DATA ELEMENT F, LDF (RLIN) |
| Subject DIP |
HOUSING |
| 942 ## - ADDED ENTRY ELEMENTS (KOHA) |
| Item type |
Articles |